000 00481nam 22001693 4500
001 197609
090 _a197609
100 _a20250826d u||y0pory50 ba
200 _aA ponte de Andau
_fJames Michener
210 _aLisboa
_cPublicações Europa-América
_d[1982]
215 _a226 p.
_cbrochado
_d21 cm
606 _916
_aLiteratura Americana
675 _a821.111(73)-3
_vPT
_zpor
700 _99896
_aMichener
_bJames A.
801 _aPT
_bBMMN
_gRPC
830 _cFernando
_fFernando
990 _cLIVROS